Los biocombustibles en Colombia a debate : (Registro nro. 35368)
[ vista simple ]
| 000 -CABECERA | |
|---|---|
| Longitud fija campo de control | 01216nam a2200253 a 4500 |
| 003 - • IDENTIFICADOR DELl NÚMERO DE CONTROL | |
| Identificador del número de control | CO-ViMGA |
| 005 - • FECHA Y HORA DE LA ÚLTIMA TRANSACCIÓN | |
| Fecha y hora de la última transacción | 20230915233126.0 |
| 008 - • CÓDIGOS DE INFORMACIÓN DE LONGITUD FIJA | |
| Códigos de información de longitud fija | 090803s2008 ck a gr 00010 spa d |
| 020 ## - • NÚMERO INTERNACIONAL NORMALIZADO PARA LIBROS | |
| Número Internacional Normalizado para Libros (ISBN) | 9789587191233 |
| 040 ## - FUENTE DE LA CATALOGACIÓN | |
| Centro catalogador de origen | CO-ViMGA |
| Lengua de catalogación | spa |
| Centro transcriptor | CO-ViMGA |
| 082 04 - • NÚMERO DE LA CLASIFICACIÓN DECIMAL DEWEY | |
| Número de clasificación (R) | 662.88 |
| Número del ítem | F67b |
| Número de edición | 21 |
| 111 2# - • PUNTO DE ACCESO PRINCIPAL-NOMBRE DE CONGRESO | |
| Nombre de congreso o jurisdicción como elemento de entrada | Foro Biocombustibles en Colombia a debate ( |
| Fecha del congreso | 2008 : |
| Sede del congreso | Bogotá) |
| 245 14 - • TITULO PROPIAMENTE DICHO | |
| Título | Los biocombustibles en Colombia a debate : |
| Resto del título | memorias / |
| Mención de responsabilidad, etc. | Foro biocombustibles en Colombia a debate, Bogotá 2008 ; compiladores Tomás León Sicard y Stefania Gallini ; Simón Uribe Martínez ... [et al.]. |
| 300 ## - • DESCRIPCIÓN FÍSICA | |
| Extensión | 229 p. : |
| Otras características físicas | il. ; |
| Dimensiones | 23 cm. |
| 504 ## - • NOTA DE BIBLIOGRAFÍA, ETC | |
| Nota de bibliografía, etc. | Incluye bibliografías. |
| 650 #6 - • PUNTO DE ACCESO ADICIONAL DE MATERIA - TÉRMINO DE MATERIA | |
| Término de materia o nombre geográfico como elemento inicial | Combustibles vegetales |
| Subdivisión de forma | Congresos, conferencias, etc. |
| 650 #6 - • PUNTO DE ACCESO ADICIONAL DE MATERIA - TÉRMINO DE MATERIA | |
| Término de materia o nombre geográfico como elemento inicial | Desarrollo sostenible |
| Subdivisión de materia general | Aspectos ambientales |
| Subdivisión de forma | Congresos, conferencias, etc. |
| 650 #6 - • PUNTO DE ACCESO ADICIONAL DE MATERIA - TÉRMINO DE MATERIA | |
| Término de materia o nombre geográfico como elemento inicial | Gestión ambiental |
| Subdivisión de materia general | Aspectos políticos |
| Subdivisión de forma | Congresos, conferencias, etc. |
| 700 1# - • PUNTO DE ACCESO ADICIONAL - NOMBRE DE PERSONA | |
| Nombre de persona | Gallini, Stefania, |
| Término indicativo de función | comp. |
| 700 1# - • PUNTO DE ACCESO ADICIONAL - NOMBRE DE PERSONA | |
| Nombre de persona | León Sicard, Tomás Enriquecomp. |
| 700 1# - • PUNTO DE ACCESO ADICIONAL - NOMBRE DE PERSONA | |
| Nombre de persona | Uribe Martínez, Simón. |
| 942 ## - ENTRADA DE ELEMENTOS AGREGADOS (KOHA) | |
| Fuente de clasificaión o esquema | Dewey Decimal Classification |
| Koha [por defecto] tipo de item | LIbro |
| Perdido | Fuente de clasificación o esquema | Estado Físico | No para préstamo | Forma de adquisición | Localización permanente | Localización actual | Fecha adquisición | Préstamos totales | Signatura completa | Código de barras | Fecha última consulta | Número de copia | Fecha del precio de reemplazo | Tipo de item de Koha |
|---|---|---|---|---|---|---|---|---|---|---|---|---|---|---|
| Dewey Decimal Classification | Sala Especializada Tercer Piso | Biblioteca Pública Germán Arciniegas - Villavicencio | Biblioteca Pública Germán Arciniegas - Villavicencio | 03/18/2016 | 662.88 F67b | 29816 | 03/18/2016 | Ej. 1 | 03/18/2016 | LIbro |